00350 a2200097 4500001001000000005001700010008004100027245011300068100002600181773004500207ART_5052020260410162043.0260409a 10aNuevamente sobre la obligación de los profesionales en Ciencias Económicas de formular denuncias penales1 aRobiglio, Carolina L.0 tImpuestosg- N°68 (ene. 2020)wREV45175